History Quiz

Random History or Country Quiz

Royal Houses Quiz Stats

 Plays Quiz not verified by Sporcle

Score 0/44 Timer 10:00
0 Plays Today
Country House % Correct
Commonwealth RealmsHouse of Windsor
100%
SpainHouse of Bourbon
61.5%
Saudi ArabiaHouse of Saud
43.6%
MonacoHouse of Grimaldi
41%
NetherlandsHouse of Orange-Nassau
38.5%
SwedenHouse of Bernadotte
38.5%
LiechtensteinHouse of Liechtenstein
35.9%
BruneiHouse of Bolkiah
28.2%
BhutanHouse of Wangchuck
28.2%
South Africa (Zulu Nation)House of Zulu
28.2%
JordanHouse of Hashim
23.1%
KuwaitHouse of Al-Sabah
23.1%
Malaysia (Perlis)House of Jamalullail
23.1%
BahrainHouse of Khalifa
20.5%
Malaysia (Johor)House of Temenggong
20.5%
CambodiaHouse of Norodom
17.9%
Malaysia (Pahang)House of Pahang
17.9%
Malaysia (Perak)House of Perak
17.9%
Malaysia (Selangor)House of Selangor
17.9%
QatarHouse of Thani
17.9%
United Arab Emirates (Sharjah)House of Al Qasimi
17.9%
United Arab Emirates (Ras al-Khaimah)House of Al Qasimi
17.9%
Country House % Correct
United Arab Emirates (Ajman)House of Al Nuaimi
17.9%
United Arab Emirates (Umm al-Quwain)House of Al Mualla
17.9%
United Arab Emirates (Fujairah)House of Al Sharqi
17.9%
DenmarkHouse of Schleswig-Holstein-Sonderburg-Glücksburg
15.4%
Malaysia (Negeri Sembilan)House of Negeri Sembilan
15.4%
NorwayHouse of Schleswig-Holstein-Sonderburg-Glücksburg
15.4%
OmanHouse of Al Said
15.4%
United Arab Emirates (Abu Dhabi)House of Al Nahyan
15.4%
TongaHouse of Tupou
12.8%
United Arab Emirates (Dubai)House of Maktoum
12.8%
JapanImperial House of Japan
10.3%
Indonesia (Surakarta)House of Pakubuwono
10.3%
Indonesia (Mangkunegaran)House of Mangkunegara
10.3%
Indonesia (Pakualaman)House of Pakualam
10.3%
Indonesia (Yogyakarta)House of Hamengkubuwono
7.7%
LuxembourgHouse of Luxembourg-Nassau
5.1%
MoroccoAlaouite Dynasty
5.1%
LesothoHouse of Moshesh
2.6%
Malaysia (Terenggau)House of Terengganu
2.6%
SwazilandHouse of Dlamini
2.6%
ThailandChakri Dynasty
2.6%
BelgiumHouse of Wettin
0%

You're not logged in!

Compare scores with friends on all Sporcle quizzes.
OR
Log In

Show Comments

Extras

Created Feb 3, 2014ReportNominate
Tags:Country Quiz, house, household, royal

Top Quizzes Today


Score Distribution

Your Account Isn't Verified!

In order to create a playlist on Sporcle, you need to verify the email address you used during registration. Go to your Sporcle Settings to finish the process.

Report this User

Report this user for behavior that violates our Community Guidelines.

Details: